Poesie da cantare : primi blues /

সংরক্ষণ করুন:
গ্রন্থ-পঞ্জীর বিবরন
প্রধান লেখক: Ginsberg, Allen (লেখক)
অন্যান্য লেখক: Corsi, Carlo Alberto
বিন্যাস: গ্রন্থ
ভাষা:ইতালিয়
ইংরেজি
প্রকাশিত: Roma : Lato side, 1979
মালা:Lato side ; 14
ট্যাগগুলো: ট্যাগ যুক্ত করুন
কোনো ট্যাগ নেই, প্রথমজন হিসাবে ট্যাগ করুন!

MARC

LEADER 00000nam a22000007i 4500
001 IT\ICCU\RAV\0053070
003 ItRI
005 20260217100527.0
008 890704s1979 it |||||| ||||| |||||c
015 |2 IT  |a 808241 
040 |b ita  |c ct 
041 7 |a ita  |a eng  |2 ISO-639-2 
082 |a 784  |2 18 
100 1 |a Ginsberg, Allen  |0 IT\ICCU\RAVV\027487  |4 aut 
245 1 0 |a Poesie da cantare :  |b primi blues /  |c Allen Ginsberg ; a cura di Carlo A. Corsi. 
260 |a Roma :  |b Lato side,  |c 1979 
300 |a 173 p. :  |b ill., 1 ritratto ;  |c 20 cm 
500 |a Testo inglese a fronte. 
700 1 |a Corsi, Carlo Alberto  |0 IT\ICCU\CFIV\074892 
830 0 |a Lato side ;  |v 14  |0 IT\ICCU\RAV\0040443 
942 |2 ddc  |c BK 
952 |0 0  |1 0  |2 ddc  |4 0  |6 B_LPS01GINALPOE11  |7 0  |9 4816  |a MI  |b MI  |d 1987-07-01  |i 279  |l 0  |o B-LPS01-GINAL-POE11  |p CDOM279  |r 2025-07-07 11:14:17  |w 2025-07-07  |x ACQUISTO  |y BK 
952 |0 0  |1 0  |4 0  |6 DOC_782_421000000000000_GIN  |7 0  |9 22551  |a BO  |b BO  |d 2026-01-15  |i 130  |l 0  |o DOC 782.421 GIN  |p BO130  |r 2026-01-15 23:22:31  |w 2026-01-15  |x [Sebina 5] [1 v.]  |y BK  |z 1 v. 
999 |c 3787  |d 3787